Loading...
Calculus : early transcendentals single variable /
| Main Author: | |
|---|---|
| Other Authors: | , |
| Format: | Printed Book |
| Published: |
Hoboken, NJ :
Wiley,
c2012.
|
| Edition: | 10th ed. |
| Subjects: | |
| Online Access: | http://www.loc.gov/catdir/enhancements/fy1210/2012392703-d.html http://www.loc.gov/catdir/enhancements/fy1210/2012392703-t.html |
| LEADER | 01166cam a2200241 a 4500 | ||
|---|---|---|---|
| 999 | |c 212586 |d 212586 | ||
| 020 | |a 9788126556403 | ||
| 082 | 0 | 0 | |a 515 |
| 100 | 1 | |a Anton, Howard. | |
| 245 | 1 | 0 | |a Calculus : |b early transcendentals single variable / |c Howard Anton, Irl Bivens, Stephen Davis. |
| 250 | |a 10th ed. | ||
| 260 | |a Hoboken, NJ : |b Wiley, |c c2012. | ||
| 300 | |a 1 v. (various pagings) : |b ill. (some col.) ; | ||
| 500 | |a Includes index. | ||
| 650 | 0 | |a Calculus |v Textbooks. | |
| 700 | 1 | |a Bivens, Irl. | |
| 700 | 1 | |a Davis, Stephen, | |
| 856 | 4 | 2 | |u http://www.loc.gov/catdir/enhancements/fy1210/2012392703-d.html |
| 856 | 4 | 1 | |u http://www.loc.gov/catdir/enhancements/fy1210/2012392703-t.html |
| 942 | |c BK | ||
| 952 | |0 0 |1 0 |4 0 |6 515_000000000000000_ANTC10 |7 0 |8 NFIC |9 226161 |a PHY |b PHY |c GEN |d 2019-11-16 |g 999.00 |l 0 |o 515 ANT-C10 |p PHY08299 |r 2019-11-16 |w 2019-11-16 |y BK | ||
| 952 | |0 0 |1 0 |4 0 |6 515_000000000000000_ANTC10 |7 0 |8 NFIC |9 226162 |a PHY |b PHY |c GEN |d 2019-11-16 |g 999.00 |l 0 |o 515 ANT-C10 |p PHY08300 |r 2019-11-16 |w 2019-11-16 |y BK | ||
| 952 | |0 0 |1 0 |4 0 |6 515_000000000000000_ANTC10 |7 0 |8 NFIC |9 226163 |a PHY |b PHY |c GEN |d 2019-11-16 |g 999.00 |l 0 |o 515 ANT-C10 |p PHY08301 |r 2019-11-16 |w 2019-11-16 |y BK | ||